LEADER 00912nam a2200253 4500 001 000000342103 003 CaOOAMICUS 005 20200916000000.0 008 200916s2005 it 000 u ita r 020 $a88-07-80990-7 040 $aSeMil$bita 100 1 $aBenni, Stefano,$d<1947-2025>.$0(OLS)http://semarc/name/54071 245 10$aTerra! /$cStefano Benni. 250 $a33. ed 264 1$aMilano :$bFeltrinelli,$c2005. 300 $a317 p. ;$c20 cm 830 0$aUniversale economica ;$v990.$0(OLS)http://semarc/title/11224 850 $aSeMil 852 $aSeMil$W1$xVenegono$y1$m1A VI 139$j222321$B233114$CSeMilBibl$Z2$F233114 $81 961 $aPerego don Stefano - Omaggio 996 $6020$a88-07-80990-7$9(OLS)http://semarc/number/291238 996 $6245$aTerra!$9(OLS)http://semarc/title/430973 996 $6264$aMilano :$bFeltrinelli$9(OLS)http://semarc/publisher/30237 LEADER 01384nam a2200301 4500 001 000000349044 003 CaOOAMICUS 005 20220111141201.0 008 220111s2021 gw 000 u eng r 020 $a978-3-16-160109-5 040 $aSeMil$bita 100 1 $aGallus, Petr,$d<1979- >.$0(OLS)http://semarc/name/115268 245 14$aThe perspective of resurrection :$ba trinitarian christology /$cPetr Gallus. 264 1$aTübingen :$bMohr Siebeck,$c2021. 300 $aXIV, 467 p. ;$c24 cm 490 1 $aReligion in philosophy and theology ;$v106 650 4$aTrinità - Teologia.$0(OLS)http://semarc/subject/1098 650 4$aSoteriologia.$0(OLS)http://semarc/subject/247 650 04$aCristologia.$0(OLS)http://semarc/subject/173 650 4$aRisurrezione - Teologia.$0(OLS)http://semarc/subject/7244 650 4$aGesù Cristo - Risurrezione.$0(OLS)http://semarc/subject/5599 830 0$aReligion in philosophy and theology ;$v106.$0(OLS)http://semarc/title/438325 850 $aSeMil 852 $aSeMil$W1$xVenegono$y1$m2B V 5$j231236$B240119$CSeMilBibl$Z2$F240119 $81 996 $6020$a978-3-16-160109-5$9(OLS)http://semarc/number/294986 996 $6245$aThe perspective of resurrection :$ba trinitarian christology$9(OLS)http://semarc/title/438544 996 $6264$aTübingen :$bMohr Siebeck$9(OLS)http://semarc/publisher/30329 LEADER 01282nam a2200313 i 4500 001 000000124804 003 CaOOAMICUS 005 20050920000000.0 008 050920s1990 it u000 u ita u 013 $a97501 020 $a88-339-0547-0 040 $aSeMil$bita 245 10$aTeorie etiche contemporanee /$ca cura di Carlo Augusto Viano. 260 $aTorino :$bBollati Boringhieri,$c1990. 300 $a272 p. :$bill. ;$c22 cm. 490 0 $aNuova cultura ;$v20 500 $aFondo Card. C.M. Martini. 650 4$aFilosofia morale.$0(OLS)http://semarc/subject/232 650 4$aEtica e morale - Saggi - Miscellanea.$0(OLS)http://semarc/subject/24158 650 4$aEtica - Teorie.$0(OLS)http://semarc/subject/15315 700 1 $aViano, Carlo Augusto,$d<1929-2019>.$0(OLS)http://semarc/name/1396 830 0$aNuova cultura ;$v20.$0(OLS)http://semarc/title/10329 850 $aSeMil 852 $aSeMil$W1$xVenegono$y1$m2P IV 565$j79323$B79323$CSeMilBibl$Z2$F103245 $81 941 1 $a4 961 $aOmaggio: Martini Card. Carlo Maria 996 $6020$a88-339-0547-0$9(OLS)http://semarc/number/110621 996 $6245$aTeorie etiche contemporanee$9(OLS)http://semarc/title/183702 996 $6260$aTorino :$bBollati Boringhieri$9(OLS)http://semarc/publisher/31556